Alexander / (Record no. 233487)
[ view plain ]
| 000 -LEADER | |
|---|---|
| fixed length control field | 01213cam a2200325 a 4500 |
| 001 - CONTROL NUMBER | |
| control field | 12915833 |
| 003 - CONTROL NUMBER IDENTIFIER | |
| control field | Nust |
| 005 - DATE AND TIME OF LATEST TRANSACTION | |
| control field | 20170308112355.0 |
| 008 - FIXED-LENGTH DATA ELEMENTS--GENERAL INFORMATION | |
| fixed length control field | 010614m20019999enkb 000 1 eng d |
| 010 ## - LIBRARY OF CONGRESS CONTROL NUMBER | |
| LC control number | 2003428845 |
| 020 ## - INTERNATIONAL STANDARD BOOK NUMBER | |
| International Standard Book Number | 9780330492027 |
| 035 ## - SYSTEM CONTROL NUMBER | |
| System control number | (OCoLC)ocm47130085 |
| 040 ## - CATALOGING SOURCE | |
| Original cataloging agency | CUI |
| Transcribing agency | CUI |
| Modifying agency | DLC |
| 041 1# - LANGUAGE CODE | |
| Language code of text/sound track or separate title | eng |
| Language code of original | ita |
| 050 00 - LIBRARY OF CONGRESS CALL NUMBER | |
| Classification number | PQ4873.A4776 |
| Item number | A7913 2001 |
| 082 ## - DEWEY DECIMAL CLASSIFICATION NUMBER | |
| Classification number | 853.914 |
| Author Mark | MAN |
| 100 1# - MAIN ENTRY--PERSONAL NAME | |
| Personal name | Manfredi, Valerio. |
| 240 10 - UNIFORM TITLE | |
| Uniform title | Aléxandros. |
| Language of a work | English |
| 245 10 - TITLE STATEMENT | |
| Title | Alexander / |
| Statement of responsibility, etc. | Valerio Massimo Manfredi ; |
| 260 ## - PUBLICATION, DISTRIBUTION, ETC. | |
| Place of publication, distribution, etc. | London : |
| Name of publisher, distributor, etc. | Macmillan, |
| Date of publication, distribution, etc. | 2001 |
| 300 ## - PHYSICAL DESCRIPTION | |
| Extent | 576 p : |
| Dimensions | 24 cm. |
| 505 0# - FORMATTED CONTENTS NOTE | |
| Formatted contents note | 1. Child of a dream -- 2. The sands of Ammon. |
| 600 00 - SUBJECT ADDED ENTRY--PERSONAL NAME | |
| Personal name | Alexander, |
| Titles and other words associated with a name | the Great, |
| Dates associated with a name | 356 B.C.-323 B.C. |
| Form subdivision | Fiction. |
| 651 #4 - SUBJECT ADDED ENTRY--GEOGRAPHIC NAME | |
| Geographic name | Greece |
| General subdivision | History |
| Chronological subdivision | Macedonian Expansion, 359-323 B.C. |
| Form subdivision | Fiction. |
| 651 #0 - SUBJECT ADDED ENTRY--GEOGRAPHIC NAME | |
| Geographic name | Greece |
| General subdivision | History |
| Chronological subdivision | Macedonian Expansion, 359-323 B.C. |
| Form subdivision | Fiction. |
| 700 1# - ADDED ENTRY--PERSONAL NAME | |
| Personal name | Halliday, Iain, |
| Dates associated with a name | 1960- |
| 906 ## - LOCAL DATA ELEMENT F, LDF (RLIN) | |
| a | 7 |
| b | cbc |
| c | copycat |
| d | 2 |
| e | ncip |
| f | 20 |
| g | y-gencatlg |
| 942 ## - ADDED ENTRY ELEMENTS (KOHA) | |
| Source of classification or shelving scheme | |
| Koha item type | Book |
| Withdrawn status | Lost status | Source of classification or shelving scheme | Damaged status | Not for loan | Collection code | Permanent Location | Current Location | Shelving location | Date acquired | Total Checkouts | Full call number | Barcode | Date last seen | Copy number | Price effective from | Koha item type | Date last checked out |
|---|---|---|---|---|---|---|---|---|---|---|---|---|---|---|---|---|---|
| Central Library (CL) | Central Library (CL) | Fiction | 03/08/2017 | 853.914 MAN | CL560 | 08/04/2021 | 1 | 03/08/2017 | Book | ||||||||
| Central Library (CL) | Central Library (CL) | Fiction | 03/08/2017 | 1 | 853.914 MAN | CL568 | 12/09/2019 | 2 | 03/08/2017 | Book | 08/05/2019 |
